[Event "SLO-chT 09th"]
[Site "Bled"]
[Date "1999.11.14"]
[Round "7"]
[White "Atalik, Suat"]
[Black "Ponomariov, Ruslan"]
[Result "1/2-1/2"]
[WhiteElo "2598"]
[BlackElo "2616"]
[Annotator "Atalik,S"]
[PlyCount "26"]
[EventDate "1999.11.08"]
[EventType "team-tourn"]
[EventRounds "7"]
[EventCountry "SLO"]
[SourceTitle "EXT 2000"]
[Source "ChessBase"]
[SourceDate "1999.11.16"]
[SourceVersion "1"]
[SourceVersionDate "1999.11.16"]
[SourceQuality "1"]
[WhiteTeam "Tolmin AET"]
[BlackTeam "Maribor Branik"]
[WhiteTeamCountry "SLO"]
[BlackTeamCountry "SLO"]

1. d4 d5 2. c4 dxc4 3. e4 {Back to the latent agressive mood.} Nf6 4. e5 Nd5 5.
Bxc4 Nb6 6. Bb3 Nc6 7. Be3 $5 {A strange move.I have thought I was following
the theorie.} (7. Ne2 Bg4 {why not this?} 8. f3 (8. Nbc3 e6 9. Be3 (9. h3 Bxe2
10. Nxe2 Bb4+ 11. Bd2 $11)) 8... Bf5 9. g4 Bxb1 10. Rxb1 e6 $13) 7... Bf5 8.
Nc3 (8. Nf3 e6 9. O-O Qd7 $13) 8... e6 (8... Nb4 {does not bring anything.} 9.
Qf3 $1 Nd3+ 10. Kf1 $32) 9. Nge2 Na5 10. Ba4+ $5 {I have thought provoking
c7-c6 thrust would be profitable.} c6 11. Bc2 Bxc2 (11... Bg6 12. O-O Nac4 13.
Qc1 $5 {Karpov(2715)-Speelman(2625),Bruxelles(S.W.I.F.T) 1988.}) 12. Qxc2 Nac4
13. O-O Be7 (13... Nd5 14. Qb3 $5 Na5 $11 (14... Ncb6 $6 15. a4 a5 16. Nxd5
Nxd5 17. Qxb7 Nb4 18. Bg5 $1 $16)) (13... Be7 14. Rad1 $13) 1/2-1/2

[Event "TUR-chT"]
[Site "Konya"]
[Date "2010.07.02"]
[Round "6"]
[White "Atalik, Suat"]
[Black "Heberla, Bartlomiej"]
[Result "1-0"]
[WhiteElo "2607"]
[BlackElo "2532"]
[Annotator "Atalik,S"]
[PlyCount "89"]
[EventDate "2010.06.29"]
[EventType "team-tourn"]
[EventRounds "13"]
[EventCountry "TUR"]
[SourceTitle "CBM 137 Extra"]
[Source "ChessBase"]
[SourceDate "2010.09.01"]
[SourceVersion "1"]
[SourceVersionDate "2010.09.01"]
[SourceQuality "1"]

1. d4 d5 2. c4 dxc4 3. e4 e5 $5 {I have started to understand what to do after
this move.} ({However crucial is what to choose after} 3... Nf6 4. e5 Nd5 5.
Bxc4 Nb6 6. Bd3 $1 Nc6 7. Be3 $1 {Brushing completely aside Lasker's maxim of
developing first the knights and then the bishops.} Nb4 (7... Be6 8. Nc3 Qd7 9.
Nf3 $1 O-O-O (9... Bg4 10. h3 Bxf3 11. Qxf3 e6 12. O-O O-O-O 13. Be4 $14) 10.
O-O Bg4 11. h3 Bh5 (11... Bxf3 $6 12. Qxf3 Nxd4 $140 $2 13. Bxd4 Qxd4 14. Be4
$40) 12. g4 Bg6 13. Bxg6 hxg6 (13... fxg6 14. Ng5 e6 15. Qb3 Re8 16. Rad1 $16)
14. e6 Qxe6 15. Ng5 Qc4 16. Qb3 $1 $44 {probes the weakness of f7.}) 8. Be4 f5
(8... N4d5 9. Nc3 c6 $5 (9... Nxe3 10. fxe3 g6 11. Qf3 Bh6 12. Nge2 O-O 13. Nf4
c5 14. Rd1 Nc4 15. Qe2 Bg4 16. Bf3 Bxf3 17. gxf3 $16 {is a marvellous game by
Wojtaszek.}) 10. Qf3 Be6 11. Nh3 $36) 9. exf6 exf6 10. Nc3 {This has replaced}
(10. a3 $6 f5 11. axb4 fxe4 (11... Bxb4+ $6 12. Nc3 fxe4 13. Qh5+ Kf8 (13... g6
$4 14. Qb5+ $18) 14. Nge2 Qe8 15. Qh4 $44) 12. Nc3 (12. Qh5+ g6 {Now this one
is possible since there ain't no bishop on b4.} 13. Qe5+ Kf7 14. Nc3 Bxb4 15.
Bg5 Qe8 16. Qxc7+ Qd7 17. Qg3 Qg4 $15) 12... Be6 13. Nh3 Bd6 14. Ng5 Bc4 $40)
10... f5 11. Bb1 $1 {This is better} ({than} 11. Bf3 N4d5 12. Bd2 Be6 13. Nh3 (
13. Nge2 Qd7 14. O-O O-O-O 15. Re1 Rg8 $132) 13... Qd7 14. O-O O-O-O 15. Re1
Bd6 $132) 11... N4d5 12. Nf3 Bd6 13. Bg5 Qd7 (13... Be7 14. Bd2) 14. O-O O-O
15. Re1 $14 {is simple and good.}) 4. Nf3 {This is a junction point for Black.}
Bb4+ (4... exd4 5. Bxc4 Nc6 {Today's most popular line.} (5... Bb4+ 6. Nbd2 Nc6
7. O-O Nf6 (7... Qf6 8. e5 Qg6 9. Nh4 $1 Qg4 10. Ndf3 Be6 11. Bxe6 fxe6 12. Qb3
O-O-O 13. h3 Qe4 14. Qxe6+ Kb8 15. a3 Be7 16. Nf5 $14) 8. e5 Nd5 9. Nb3 Nb6 10.
Bg5 Be7 11. Bxe7 Qxe7 12. Bb5 Bd7 13. Bxc6 (13. Re1 $5 O-O-O 14. Rc1 d3 15. Qd2
Be8 16. Nc5 Rd5 17. e6 Rxc5 18. exf7 Rxc1 19. fxe8=Q+ Rxe8 20. Qxc1 Qd7 21.
Rxe8+ Qxe8 22. Bxd3 $14) 13... Bxc6 14. Nfxd4 Bd5 15. Qg4 O-O 16. f4 g6 17. Nf5
Qd7 18. Ne3 $14) 6. O-O Be6 $1 (6... Bc5 $6 7. Ng5 Nh6 8. Nxf7 Nxf7 9. Bxf7+
Kxf7 10. Qh5+ g6 11. Qxc5 $16) (6... Nf6 7. Nbd2 Be7 8. e5 Nd5 9. Nb3 O-O 10.
Nbxd4 Nxd4 11. Nxd4 $14) 7. Bb5 $1 Bc5 8. b4 Bb6 9. a4 a6 10. Bxc6+ bxc6 11.
Bb2 Nf6 12. a5 Ba7 13. Bxd4 $1 Nxe4 14. Bxa7 Qxd1 15. Rxd1 Rxa7 16. Ne5 Bd5 17.
f3 Nd6 18. Re1 Kd8 19. Nc3 f6 20. Nxd5 fxe5 21. Nc3 $44 {is a sample line.}) 5.
Nc3 $1 exd4 6. Qxd4 $1 {I still believe that white has some nasty edge after
this one.} Qxd4 7. Nxd4 Nf6 8. f3 Be6 $6 {After the game Bartek said that this
is an idea of GM Golod. Somehow this never appeals to me, for me it is quite
incomprehensible to give the bishop for an ambiguous control of the d4-square.}
(8... Bc5 9. Be3 Nc6 10. Ncb5 $5 Nxd4 11. Bxd4 Bxd4 12. Nxd4 Be6 13. Nxe6 fxe6
14. Bxc4 Ke7 $14 {is a better version of our game for Black.}) (8... a6 9. Bxc4
b5 10. Be2 c5 11. Nc2 Ba5 12. O-O $14) 9. Nxe6 (9. Bf4 Nc6 10. Nxc6 bxc6 11.
Bxc7 $14 {is reminiscent of my game with IM Kozhuharov to some extent.}) 9...
fxe6 10. Bxc4 Ke7 11. a3 $1 {He has to show me where his bishop will go.} (11.
Be3 Nc6 12. O-O-O Ne5 13. Be2 $14) 11... Bxc3+ (11... Ba5 12. b4 Bb6 13. e5 $40
{is too much.}) 12. bxc3 {Now we have a Em.Lasker-Chigorin,Hastings 1895 type
of position over the board. I still believe in 2 bishops versus two knights.}
Nc6 13. Kd1 $5 {The most interesting move of the game. My idea was as simple
as moving my king to the weaker side.} (13. Be3 Ne5 14. Be2 Rhd8 15. O-O Rd7
$132) 13... Na5 14. Ba2 c5 15. Kc2 h6 (15... e5 $6 16. Bg5 c4 17. Rab1 b6 18.
Rb5 Ke6 19. Bh4 $1 Rac8 (19... Nh5 $2 20. Rxa5 $1 bxa5 21. Bxc4+ Kd6 22. Rd1+
$40) 20. Rd1 $16) 16. Be3 b6 17. Rad1 Rad8 18. Rxd8 Rxd8 19. g4 $1 {Since
White's king has already moved into the safety he can push his kingside.} Nd7
$1 {There is no doubt now for the coming sequence of moves,since they are
pseudo-forced.} 20. g5 Ne5 21. gxh6 gxh6 22. Bxh6 (22. Rg1 {I did not like the
looks of} Nxf3 23. Rg6 c4 24. Bxh6 Rh8 $36) 22... Rg8 $1 {Very strong.} ({
In the line with} 22... Nxf3 23. h4 (23. Rf1 Rh8 24. Bf4 Rh3 $1 {is what both
sides have taken into consideration.} 25. Rd1 Kf6 $1 $132) 23... Rh8 24. Be3 {
my hopes were based on the h passer.}) 23. h4 Rg2+ 24. Kb1 Nxf3 ({Possibly it
was sounder to play} 24... c4 $142 $5 25. Be3 Nd3 26. Rg1 ({I am not sure now
if my idea of playing} 26. Rd1 Rb2+ 27. Ka1 Nb3+ 28. Bxb3 Rxb3 29. h5 Rxc3 30.
h6 Rxa3+ 31. Kb1 Rb3+ 32. Kc2 Nb4+ 33. Kc1 Rxe3 34. h7 Rc3+ 35. Kb1 Rb3+ $11 {
gives more than a draw.}) 26... Rb2+ 27. Ka1 Nb3+ 28. Bxb3 cxb3 29. h5 Ra2+ 30.
Kb1 Rb2+ $11) 25. h5 c4 $6 {A small mistake.} ({Computer equalizes by} 25...
Ng1 $3 26. Bc1 Ne2 27. Bb2 Ng3 28. Rh4 Rg1+ 29. Kc2 Rg2+ 30. Kc1 Rg1+ $11 {
Amazing no?}) 26. a4 {I have thought I might won a tempo by the text.} (26. Bc1
Nd2+ 27. Bxd2 Rxd2 28. h6 Rd8 29. h7 Rh8 30. e5 Kf7 31. Kb2 Nc6 $11) 26... e5
$6 ({Another amazingly cold blooded line by the computer is analogous to the
previous one.} 26... Ng1 $3 27. Be3 Ne2 28. Bd4 Nxd4 29. cxd4 c3 30. h6 Rb2+
31. Ka1 Nc6 32. Bb3 Rxb3 33. h7 Nxd4 34. Rc1 Rb2 35. Rxc3 Rh2 36. Rc8 Rh1+ 37.
Kb2 Rh2+ $11) 27. Bc1 Rh2 28. Rxh2 $1 {I have a preference for this move} ({
over} 28. Bg5+ $6 Kf7 29. Rf1 Rh3 $132) 28... Nxh2 29. Kb2 {I have thought
that this is more clever} ({than} 29. Ba3+ Kf6 30. Bb4 Nb3 31. Bxb3 cxb3 32.
Kb2 Nf3 33. c4 Ng5 34. c5 bxc5 35. Bxc5 a6 36. Kxb3 Nxe4 37. Be3 Ng3 38. h6 Nf5
39. Bd2 e4 $11) 29... Nf1 $2 (29... Ng4 30. Ka3 (30. Bg5+ Kf7 31. Bh4 (31. Ka3
Nf2 32. Bb1 Nb7 33. h6 Kg6 34. Be7 Kxh6 35. Kb4 Na5 36. Kb5 Nd1 37. Bb4 Nb3 38.
Ka6 Nd2 39. Ba2 Nxe4 40. Bxc4 Nexc3 $11) 31... Kg7 32. Bg5 $11) 30... Nf2 31.
Bb1 Nb7 32. Kb4 Nd6 {stops White's plan just in time.}) 30. h6 Kf6 $138 {
During the game we both thought that this was a mistake due to shortage of
time and Black's king should step to f7, but now I believe that there is no
difference between these moves.} (30... Kf7 31. Bg5 Kg6 (31... Ng3 $2 32. h7
Kg7 33. Bf6+ Kxh7 34. Bxe5 $16) 32. Ka3 Ng3 33. Kb4 $16) 31. Bg5+ Kf7 (31...
Kg6 32. Ka3 Ng3 33. Kb4 $1 $16 {and once again because of the danger of deadly
pin on b1-h7 diagonal the e4 pawn is taboo.} (33. Bb1 $2 Ne2)) 32. h7 Kg7 33.
Bf6+ Kxh7 34. Bxe5 Nd2 35. Bb8 $1 $18 {b1-h7 decides the outcome of the game.}
Nc6 36. Bf4 Nf3 37. Bxc4 Kg6 (37... Nfe5 38. Bb5 Kg6 {was more resilient.} 39.
Kb3 $18) 38. Bb5 (38. Bd6 $5 {might be better.}) 38... Nce5 39. Kb3 Kf6 40. Bc4
$1 {The best think about pair of bishops you may always exchange one.} Ng5 41.
Bd5 Ne6 $4 {The king and pawns ending is obviously lost for Black.} (41... Nd7
42. Kc4 $18) 42. Bxe5+ {The correct move order thus the curtains!} Kxe5 43.
Bxe6 Kxe6 44. Kc4 Ke5 45. Kd3 1-0

[Event "Lippstadt 12th"]
[Site "Lippstadt"]
[Date "2004.07.28"]
[Round "5"]
[White "Romanishin, Oleg M"]
[Black "Brenke, Andreas"]
[Result "1-0"]
[WhiteElo "2541"]
[BlackElo "2379"]
[Annotator "Atlas,V"]
[PlyCount "25"]
[EventDate "2004.07.24"]
[EventType "tourn"]
[EventRounds "9"]
[EventCountry "GER"]
[EventCategory "10"]
[SourceTitle "CBM 103"]
[Source "ChessBase"]
[SourceDate "2004.11.11"]
[SourceVersion "1"]
[SourceVersionDate "2004.11.11"]
[SourceQuality "1"]

1. d4 d5 2. c4 dxc4 3. e4 c5 4. d5 Nf6 5. Nc3 b5 6. Bf4 Ba6 7. Nf3 b4 8. Bxb8
bxc3 9. Qa4+ Qd7 10. Qxa6 cxb2 11. Rb1 Rxb8 12. Ne5 {A terrible mistake. In
fact, almost identical blunder happened in the game} Qb5 $4 ({Shirov,A-Motylev,
A/Moscow 2001/CBM 86, where Black played} 12... Qb7 $4 {and immediately
resigned after} 13. Rxb2 $1 {After 13...Qc7 and 13...Qd6 Black retains
counterchances.}) (12... Qc7 13. Qa4+ Nd7 14. Nxc4 g6 15. Qc6 (15. Rxb2 Rxb2
16. Nxb2 Bg7 17. Nc4 O-O $15) 15... Kd8 (15... Qf4 16. Bd3 Qc1+ 17. Ke2 $36)
16. e5 {1/2-1/2 Fellner,W-Olbrisch,M/GER-ch23 sf9 corr 1991/Corr 2000 (16)}) (
12... Qd6 13. Qa4+ (13. Nc6 Qf4 14. Nxb8 Qc1+ 15. Ke2 Qc2+ 16. Ke3 Qc3+ 17. Kf4
Qc1+ 18. Kf3 Qc3+ $11) 13... Nd7 14. Nxc4 Qf6 15. Bd3 Qc3+ 16. Ke2 $44) {
[%tqu "En","Black's last move seems very natural, but in fact it's a very bad
slip. How to punish Black for it?","Exploit the desperate position of the
enemy king and the weakness of Black's back rank.","Sacrifice your rook!",
"b1b2","This is a nice touch!",4]} 13. Rxb2 $1 {[%csl Ga6,Gb2,Rb5,Rb8,Re5,Re8]
This nice sacrifice wins on the spot.} (13. Rxb2 Qxa6 (13... Qxb2 14. Qc6+ Kd8
15. Nxf7#) 14. Rxb8+) 1-0

[Event "Groningen op"]
[Site "Groningen"]
[Date "1995.??.??"]
[Round "?"]
[White "Avrukh, Boris"]
[Black "Gyimesi, Zoltan"]
[Result "1-0"]
[WhiteElo "2430"]
[BlackElo "2525"]
[Annotator "Avrukh,B"]
[PlyCount "69"]
[EventDate "1995.12.??"]
[EventType "swiss"]
[EventRounds "11"]
[EventCountry "NED"]
[SourceTitle "CBM 050 Extra"]
[Source "ChessBase"]
[SourceDate "1996.03.01"]
[SourceVersion "1"]
[SourceVersionDate "1996.03.01"]
[SourceQuality "1"]

1. d4 {Tyomkin,D} d5 2. c4 dxc4 3. e3 c5 4. Bxc4 cxd4 5. exd4 Qc7 6. Qd3 $1
$146 {this was preparing by Boris at home,but next move of black he didn't
look quite seriouse.As you can see later,in other lines White achives advantage
} (6. Qb3 e6 7. Nf3 Nf6 8. O-O Be7 (8... Nc6 9. Nc3 a6 10. Be2 Be7 11. Bg5 O-O
12. Rac1 Ng4 13. Be3 b5 14. h3 Nxe3 15. fxe3 Bb7 16. Ne4 Qb6 17. Nc5 Rad8 18.
Nxb7 Qxb7 19. a4 Nb4 20. axb5 axb5 21. Ne5 Bd6 $10 {Zoler-Sermek, Biel 1994})
9. Rd1 Nc6 10. Qe3 O-O {Golod-Gymesi,Budapest,1993}) (6. Bb3 {main line} Bg4 7.
f3 Bd7 8. Ne2 (8. Nc3 e6 9. Nge2 (9. f4 Bd6 10. d5 Bxf4 11. dxe6 fxe6 12. Qe2
Bxc1 13. Rxc1 Nc6 14. Nf3 Nf6 15. O-O O-O 16. Bxe6+ Bxe6 17. Qxe6+ Kh8 {
Jo Horvath-Gyimesi, Budapest 1994 1/2-1/2}) 9... Bd6 10. Ne4 (10. d5 e5 11. Ne4
f5 $2 12. Ng5 Nf6 13. O-O Na6 14. Kh1 h6 15. Ne6 Bxe6 16. dxe6 O-O-O 17. Nc3
Bb4 18. Qc2 g6 19. Be3 Bxc3 20. Rac1 $3 Bd4 21. Bxd4 Rxd4 22. Qb1 Nc5 23. Rxc5
Qxc5 24. Rc1 Qc7 25. Rxc7+ Kxc7 26. Qe1 Kd6 27. Qa5 $16 {Adams-Leko, Cap d
Agde 1994}) 10... Ne7 11. Nxd6+ Qxd6 12. O-O O-O 13. Qd3 Qa6 14. Bc4 Qb6 15.
Be3 Nd5 16. Bxd5 exd5 17. Nc3 Qd6 18. Qd2 Be6 19. Bf4 Qd7 20. Bxb8 Raxb8 21.
Qf4 $14 {Gelfand-Leko, Horgen 1994}) 8... Nf6 9. Bf4 (9. Nbc3 g6 10. Bg5 Bg7
11. Rc1 Qd8 12. O-O O-O 13. d5 Na6 14. Kh1 Nc7 15. Re1 Nb5 $2 (15... Nce8 16.
Ng3 Nd6 17. Rc2 Rc8 18. Rce2 Re8 $14) 16. Nxb5 Bxb5 17. Nc3 Ba6 18. Qd2 Qd7 19.
Ne4 Nxe4 $6 20. Rxe4 Rfe8 21. Rce1 $16 {Yusupov-Miles, Horgen 1994}) 9... Qb6
10. Nd2 e6 11. O-O Bb5 12. Kh1 Nc6 13. d5 Nxd5 14. Bxd5 exd5 15. Nc3 O-O-O 16.
Re1 d4 17. Nce4 h6 18. Qb3 Rd7 19. Rac1 Ba6 20. Qxb6 axb6 $15 {Ilic-Lputian,
Belgrade 1988}) (6. Be2 e6 7. Nc3 a6 8. Nf3 Nf6 9. O-O Be7 10. Bd3 O-O 11. Qe2
Nc6 12. Be3 Nb4 13. Bb1 Nbd5 14. Qd3 Nxc3 15. bxc3 b5 16. Re1 Bb7 17. Bd2 g6
18. Ne5 Nd7 19. Ng4 Nf6 20. Ne5 Nd7 21. Ng4 Nf6 22. Ne5 {Ovsejevitsch-Gyimesi,
Szeged 1994 1/2-1/2}) 6... Bd7 {intend b7-b5} (6... Bf5 $2 7. Bxf7+ $18) (6...
Nf6 {/\Bf5} 7. Nc3 $14 {ףc7} (7. Nf3 $6 Bf5) 7... Bf5 $140 8. Bxf7+) (6... Be6
7. d5 Bf5 8. Qxf5 Qxc4 9. Na3 $36) 7. Nc3 Nc6 (7... Nf6 {more accurate} 8. Nf3
e6 $14) 8. Nd5 $1 (8. Nf3 Nb4 9. Qe2 Nc2+ 10. Qxc2 Qxc4 $10) (8. Nb5 $6 Qb6 $1
(8... Qd8 9. Bf4 Rc8 10. Qe2 $36 {threating Nd6}) 9. Bf4 Rc8 {and black defend
succesfully}) (8. a3 $5) 8... Qd8 (8... Qa5+ 9. Bd2) 9. Bf4 Rc8 10. Nf3 (10.
Qg3 Qa5+ $8 (10... e5 $2 11. Bxe5 $1 $16) (10... Nxd4 $2 11. Bc7 $18) 11. Bd2 (
11. b4 $2 Nxb4) (11. Kf1 $5 Nf6 (11... Nxd4 12. Nc7+ Kd8 13. Rd1 Qc5 14. Bxf7
$18) (11... e6 12. Nc7+ Kd8 13. d5 $36) (11... Nh6 $5) 12. Nxf6+ (12. Nc7+ Kd8
{פc7}) 12... gxf6 $13) 11... Qd8 12. Bf4 $10 (12. Ne2 $2 Nxd4)) 10... e6 11.
Qe2 Nge7 (11... Nb4 12. Ne3 $32 {strong move} (12. O-O Rxc4)) (11... Nf6 12.
O-O (12. Bg5 Qa5+) (12. Nc3 $142 $14) 12... Nxd5 13. Bxd5 Be7 14. Be4 O-O 15.
Rfd1 {/\d5} Qb6 $140 16. d5 exd5 17. Rxd5 Be6 18. Rb5 $36) 12. Nc3 $1 (12. O-O
{see-11..Nf612.0-0}) 12... Ng6 (12... Nf5 13. Rd1 $16) 13. Bg3 Bb4 {here
Gymesi offered a draw,but Boris was really surprised...cause he couldn't find
any defence for Black} (13... Be7 {during the game,after this move Boris
wanted to play} 14. O-O (14. h4 $1 {found by Mark Tseitlin after the game,and
here black in real troubles with his knigt on "g6"}) 14... O-O 15. Bd3 {/\h4})
14. d5 $1 {it was idea!} Nce7 (14... Na5 15. dxe6 fxe6 (15... Bxe6 16. Bxe6
fxe6 (16... Rxc3 17. O-O $18 {suddenly material is equal,but black rook
attacted and etc.}) 17. Qb5+ $18 (17. Qxe6+ {see-15..f><e6}) (17. O-O {see-15..
f><e6})) 16. Bxe6 Bxe6 (16... Rxc3 17. O-O $18) 17. Qxe6+ Qe7 18. Qxe7+ Nxe7 (
18... Kxe7 19. O-O Bxc3 20. bxc3 Rxc3 21. Rfe1+ $16 {עe7}) 19. O-O Bxc3 20.
bxc3 Rxc3 21. Nd4 $1 $16 {/\22.Nb5(><a7)} (21. Rfe1 Nac6 $14) (21. Be5 Rd3 22.
Bxg7 Rg8 {צf3} 23. Ne5 $140 Rd6)) 15. dxe6 Bxe6 16. Bxe6 Bxc3+ 17. bxc3 fxe6
18. Rd1 Qb6 19. O-O Nf5 20. Rd6 $1 {Anyway! Now White's attack anything can't
stop} Nxd6 21. Qxe6+ Ne7 22. Bxd6 Rc7 23. Ng5 Rd7 24. Qf7+ Kd8 25. Bxe7+ Kc8
26. Qf5 Re8 27. Bc5 Qb5 28. Nf7 Kc7 29. Bd6+ Kb6 30. Qf4 Ka6 31. c4 Qc6 32. c5
Re4 33. Qf3 Qa4 34. Qd3+ b5 35. Qd5 1-0

[Event "ISR-chT"]
[Site "Israel"]
[Date "2002.01.12"]
[Round "1"]
[White "Avrukh, Boris"]
[Black "Lederman, Leon S"]
[Result "1-0"]
[WhiteElo "2591"]
[BlackElo "2300"]
[Annotator "Avrukh,B"]
[PlyCount "67"]
[EventDate "2002.01.10"]
[EventType "team"]
[EventRounds "11"]
[EventCountry "ISR"]
[SourceTitle "CBM 089"]
[Source "ChessBase"]
[SourceDate "2002.08.12"]
[SourceVersion "1"]
[SourceVersionDate "2002.08.12"]
[SourceQuality "1"]

1. d4 d5 2. c4 dxc4 3. e3 e5 4. Bxc4 exd4 5. exd4 Nf6 6. Nf3 Bd6 7. O-O O-O 8.
h3 {[%csl Gg4]} (8. Nc3 Bg4 (8... Nc6 $142) 9. h3 Bh5 10. g4 Bg6 11. Ne5) 8...
Nbd7 (8... Nc6 9. Nc3 h6 {normal line}) 9. Nc3 a6 $146 {/\b5} (9... Nb6 10. Bb3
Be6 11. Bxe6 fxe6 12. Bg5 h6 13. Bh4 Nbd5 14. Nxd5 exd5 15. Qb3 g5 16. Bg3 Bxg3
17. fxg3 Qd6 18. Ne5 Ne4 19. Rae1 Kg7 20. Qxb7 $16 {1/2-1/2 Marshall,F-Duras,O/
San Sebastian 1912/HCL (55)}) (9... c6 10. Re1 Nb6 11. Bb3 h6 12. Ne5 Bf5 13.
Qf3 Bh7 14. Bf4 a5 15. a3 a4 16. Ba2 Ra5 17. Nxf7 Rxf7 18. Bxd6 $18 {1-0 Sepp,
O-Yewdokimov,O/Tallinn 2001/CBM 83 ext (50)} Qxd6 19. Re8+ $18) 10. a4 (10. Bg5
b5 11. Bd5 Rb8 $13) 10... Nb6 11. Bb3 (11. Bd3 $143 h6 {[%cal Gb6d5]}) 11...
Bf5 (11... h6 12. a5 $16) 12. Bg5 (12. a5 $143 Nbd7 $13) 12... h6 13. Bh4 Nbd7
14. d5 $1 {It looks not so logical to close my bishop on b3 and giving the c5
square, but in fact it is a good positional decision. White gets the d4-square
for his knight and the bishop will go to c2. And also very important: not
allowing black to play c6 with next Qc7.} (14. Re1 $143 c6 $1 {[%cal Gd8c7]} (
14... Re8) 15. Ne5 Qc7 16. Qf3 Be6 $1 $13 (16... Bh7 $2 17. Nxd7 Nxd7 18. Be7
$1 Bxe7 19. Rxe7 Bg6 20. Qg4 $18 {[%cal Gg4g6,Gg4d7]})) 14... Nc5 $2 (14... Re8
$142 15. Nd4 Bg6 16. Bc2 Bxc2 17. Qxc2 Be5 18. Rad1 Qe7 $14 {[%cal Ge7b4]}) 15.
Nd4 Bh7 (15... Bd3 {[%csl Gf1]} 16. Re1 Nxb3 17. Nxb3 $1 (17. Qxb3 Rb8 $14 18.
Rad1 $140 Bh7 19. Qc4 g5 20. Bg3 Qd7 21. Be5 Nh5 $13) 17... Bh7 18. Qd4 $16) (
15... Nxb3 16. Qxb3 $16 {[%csl Gb7]}) 16. Bc2 Be7 {[%cal Gf6d5]} (16... Bxc2
17. Qxc2 g5 18. Bg3 Bxg3 19. fxg3 Nxd5 20. Nf5 $36) 17. Re1 $1 {[%csl Ge7]} Re8
(17... Bxc2 18. Qxc2 Nxd5 19. Nxd5 Bxh4 20. Qxc5 $18) 18. Bxh7+ Nxh7 (18...
Kxh7 19. Nf5) 19. Rxe7 $1 {[%mdl 64] Small tactics, which gives to white a
clear advantage.} Rxe7 20. Nf5 f6 (20... Ng5 21. Qd4 $18 {[%csl Gc5,Gg7]}) 21.
Nxe7+ Qxe7 22. Bg3 $16 {[%csl Gh7][%cal Gd5d6]} Rd8 $1 (22... c6 23. dxc6 bxc6
24. Bd6 Qa7 25. Qg4 $18 {[%cal Gg4c4]}) 23. Qg4 $1 {[%cal Gg4c4]} (23. b4 $143
Ne4 24. Qe1 (24. Qe2 f5) 24... Re8 25. Nxe4 Qxe4 26. Qxe4 Rxe4 27. Rc1 Rxb4 28.
Rxc7 b6 $1 29. d6 Nf8 $11) 23... c6 (23... Kh8 24. Qc4 {[%cal Gb2b4]} a5 25.
Nb5 c6 26. d6 $18) 24. dxc6 (24. b4 Nd7 25. dxc6 bxc6 26. Qc4+ Kh8 27. Rd1 $18)
24... bxc6 25. Qc4+ Kh8 (25... Ne6 26. a5 $1 {[%csl Ga6]}) 26. b4 Ne6 27. Rb1
$5 (27. Qxc6 Qxb4 28. Rb1 $1 Qa5 (28... Nd4 29. Rxb4 Nxc6 30. Rb6 $18) 29. Qxe6
Qxc3 30. Qxa6 Ng5 $16 {[%cal Gg5e4] gives some counterplay}) 27... c5 28. b5
axb5 29. axb5 {Although the material is equal white's position is winning; bad
black pieces + an extremely dangerous b-pawn (with support of the bishop on g3)
make black's position defenceless.} Rd4 30. Qa2 Nd8 ({More stubborn} 30... Nhf8
31. b6 Qb7 32. Qa7 (32. Nb5 $143 Rb4 33. Rxb4 cxb4 34. Qa7 Nc5 35. Nd6 Qd5 36.
b7 Nxb7 37. Nxb7 b3 $132) 32... Rd7 33. Bc7 $1 Rxc7 (33... Qc6 34. b7 Qxc7 35.
Qa8 $18) 34. bxc7 Qxa7 35. c8=Q $18) 31. b6 Qb7 32. Nb5 Rb4 33. Rxb4 cxb4 34.
Bc7 $138 1-0

[Event "Hoogovens"]
[Site "Wijk aan Zee"]
[Date "1996.01.28"]
[Round "13"]
[White "Sokolov, Ivan"]
[Black "Huebner, Robert"]
[Result "1-0"]
[WhiteElo "2665"]
[BlackElo "2635"]
[Annotator "Baburin,A"]
[PlyCount "57"]
[EventDate "1996.01.13"]
[EventType "tourn"]
[EventRounds "13"]
[EventCountry "NED"]
[EventCategory "17"]
[SourceTitle "CBM 051"]
[Source "ChessBase"]
[SourceDate "1996.04.01"]
[SourceVersion "1"]
[SourceVersionDate "1996.04.01"]
[SourceQuality "1"]

1. d4 d5 2. c4 dxc4 3. e3 e5 4. Bxc4 exd4 5. exd4 Nf6 6. Nf3 Be7 7. O-O O-O 8.
h3 Nbd7 9. Nc3 Nb6 10. Bb3 c6 11. Ne5 Nbd5 12. Re1 Be6 13. Bg5 Re8 14. Rc1 {
[#] Positions with the black pawn on c6 instead of e6 seems to favour White,
as usually it's more difficult for Black to simplify the position here (the
c-file isn't open) and the pressure on the a2-g8 diagonal is quite unpleasant.}
Nd7 15. Bxe7 Rxe7 16. Ne4 f6 17. Nd3 Nf8 18. Qf3 Qc7 19. Ng3 Rd8 20. Nc5 Bf7
21. Rxe7 Qxe7 22. Nf5 Qc7 23. Qg3 Qxg3 24. fxg3 b6 25. Nb7 Rd7 26. Nfd6 Be6 27.
Rxc6 Ne7 28. Rc3 h5 29. Ba4 1-0